[Event "GER-ch Net blitz qual4"]
[Site "Playchess.com INT"]
[Date "2021.05.10"]
[Round "6"]
[White "Bussemer, Karsten"]
[Black "Heinichen, Nils"]
[Result "0-1"]
[WhiteElo "1752"]
[BlackElo "1981"]
[PlyCount "136"]
[EventDate "2021.05.10"]
[EventType "swiss (blitz)"]
[EventRounds "11"]
[EventCountry "GER"]
[SourceTitle "CBM 202 Extra"]
[Source "ChessBase"]
[SourceDate "2021.07.31"]
[SourceVersion "1"]
[SourceVersionDate "2021.07.31"]
[SourceQuality "1"]

1. d4 d5 2. Bf4 e6 3. e3 f5 4. c4 c6 5. Nc3 Bd6 6. Bxd6 Qxd6 7. Nf3 Nf6 8. Be2 0-0 9. 0-0 b6 10. Nd2 Bb7 11. f3 Nbd7 12. Rc1 Rac8 13. Rf2 c5 14. dxc5 Qxc5 15. Nf1 dxc4 16. Qd4 Qxd4 17. exd4 Nd5 18. Nb5 Ba6 19. Nd6 Rc7 20. Bxc4 Bxc4 21. Rxc4 Rxc4 22. Nxc4 Rc8 23. b3 b5 24. Nce3 N7f6 25. Rc2 Nc3 26. Kf2 b4 27. Ke1 Rd8 28. Rd2 Kf7 29. Nc4 Rd5 30. Nfe3 Rd8 31. Ne5+ Kf8 32. N3c4 Nfd5 33. Nc6 Rd7 34. N4e5 Rc7 35. Kf2 g5 36. h3 Kg7 37. g3 Kf6 38. Nd8 a5 39. Ndc6 h5 40. Nxa5 Ra7 41. Nec6 Ra6 42. h4 g4 43. fxg4 Ne4+ 44. Ke2 Ndc3+ 45. Kd3 Nxd2 46. Kxd2 hxg4 47. Kd3 f4 48. gxf4 Kf5 49. Kc4 Kxf4 50. Kxb4 g3 51. Kxc3 g2 52. b4 g1Q 53. b5 Qc1+ 54. Kb3 Qd1+ 55. Kc3 Qe1+ 56. Kc4 Rxa5 57. Nxa5 Qxa5 58. h5 Kg5 59. Kc5 Qxa2 60. b6 Qd5+ 61. Kb4 Kxh5 62. Kc3 Kg4 63. Kb4 Qxd4+ 64. Kb5 e5 65. b7 e4 66. Kc6 Qc4+ 67. Kd7 Qb5+ 68. Kc7 e3 0-1

[Event "GER-ch Net blitz qual4"]
[Site "Playchess.com INT"]
[Date "2021.05.10"]
[Round "8"]
[White "Friemel, Reinhard"]
[Black "Heinichen, Nils"]
[Result "0-1"]
[WhiteElo "1773"]
[BlackElo "1981"]
[PlyCount "20"]
[EventDate "2021.05.10"]
[EventType "swiss (blitz)"]
[EventRounds "11"]
[EventCountry "GER"]
[SourceTitle "CBM 202 Extra"]
[Source "ChessBase"]
[SourceDate "2021.07.31"]
[SourceVersion "1"]
[SourceVersionDate "2021.07.31"]
[SourceQuality "1"]

1. e4 c6 2. d4 d5 3. Nc3 dxe4 4. Nxe4 Bf5 5. Ng3 Bg6 6. h4 h6 7. Bc4 Nf6 8. N1e2 e6 9. c3 Be7 10. Qb3 b5 0-1

[Event "GER-ch Net blitz qual4"]
[Site "Playchess.com INT"]
[Date "2021.05.10"]
[Round "7"]
[White "Heinichen, Nils"]
[Black "Hoppe, Frank"]
[Result "1-0"]
[WhiteElo "1981"]
[BlackElo "1808"]
[PlyCount "91"]
[EventDate "2021.05.10"]
[EventType "swiss (blitz)"]
[EventRounds "11"]
[EventCountry "GER"]
[SourceTitle "CBM 202 Extra"]
[Source "ChessBase"]
[SourceDate "2021.07.31"]
[SourceVersion "1"]
[SourceVersionDate "2021.07.31"]
[SourceQuality "1"]

1. d4 Nf6 2. Bg5 Ne4 3. Bf4 g5 4. Be5 f6 5. e3 Bg7 6. Qh5+ Kf8 7. Bg3 Nxg3 8. hxg3 Qe8 9. Qf3 Nc6 10. Bd3 h6 11. c3 e5 12. Nd2 d6 13. g4 Ne7 14. Ne2 Qc6 15. e4 Qb6 16. 0-0-0 Be6 17. d5 Bf7 18. g3 a5 19. Qg2 a4 20. a3 Qc5 21. f4 Ng6 22. fxg5 hxg5 23. Rxh8+ Nxh8 24. Rf1 Ke7 25. Rh1 Bg6 26. Nf1 Nf7 27. Qf3 Nh6 28. Ne3 Rh8 29. Bc2 b5 30. Kb1 Qb6 31. Nc1 Nf7 32. Rf1 Rh2 33. Nf5+ Bxf5 34. Qxf5 Nd8 35. Qg6 Bh8 36. Nd3 Qe3 37. Nb4 Qe2 38. Rc1 Qxg4 39. Qg8 Qh5 40. Nc6+ Nxc6 41. dxc6 Qf7 42. Qc8 Bg7 43. Qxc7+ Ke6 44. Qc8+ Ke7 45. c7 Rh8 46. Qb7 1-0

[Event "GER-ch Net blitz qual4"]
[Site "Playchess.com INT"]
[Date "2021.05.10"]
[Round "11"]
[White "Heinichen, Nils"]
[Black "Ritscher, Jan Paul"]
[Result "1-0"]
[WhiteElo "1981"]
[BlackElo "2106"]
[PlyCount "97"]
[EventDate "2021.05.10"]
[EventType "swiss (blitz)"]
[EventRounds "11"]
[EventCountry "GER"]
[SourceTitle "CBM 202 Extra"]
[Source "ChessBase"]
[SourceDate "2021.07.31"]
[SourceVersion "1"]
[SourceVersionDate "2021.07.31"]
[SourceQuality "1"]

1. d4 f5 2. e4 fxe4 3. Nc3 Nf6 4. Bg5 g6 5. f3 exf3 6. Nxf3 Bg7 7. Bc4 c6 8. 0-0 d5 9. Bd3 0-0 10. Ne5 Be6 11. Qe2 Bf7 12. Rae1 a5 13. Nd1 Na6 14. c3 Nc7 15. Ne3 Qd6 16. N3g4 Nxg4 17. Nxg4 Be6 18. g3 Rxf1+ 19. Rxf1 Rf8 20. Bf4 Bxg4 21. Qxg4 Qe6 22. Qh4 Ne8 23. Rf2 Nd6 24. Re2 Ne4 25. Bg5 Qf5 26. Bf4 Bf6 27. Bxe4 dxe4 28. Qh6 e5 29. dxe5 Bxe5 30. Rf2 Bxf4 31. Rxf4 Qc5+ 32. Kg2 Rxf4 33. Qxf4 Qe7 34. Qb8+ Kg7 35. Qa7 h5 36. Kf2 Qf6+ 37. Ke1 Qf3 38. Qxb7+ Kh6 39. Qb8 Qh1+ 40. Kd2 Qxh2+ 41. Ke3 Qg1+ 42. Kxe4 Qe1+ 43. Kd4 Qf2+ 44. Kc4 Kg5 45. Qe5+ Kg4 46. Qxa5 Qxb2 47. Qa8 Kxg3 48. Qb8+ Kh3 49. Qxb2 1-0

[Event "GER-ch Net blitz qual2"]
[Site "Playchess.com INT"]
[Date "2021.05.04"]
[Round "2"]
[White "Heinichen, Nils"]
[Black "Hofmann, Matthias1111"]
[Result "1/2-1/2"]
[WhiteElo "1977"]
[BlackElo "1608"]
[PlyCount "93"]
[EventDate "2021.05.04"]
[EventType "swiss (blitz)"]
[EventRounds "11"]
[EventCountry "GER"]
[SourceTitle "CBM 202 Extra"]
[Source "ChessBase"]
[SourceDate "2021.07.31"]
[SourceVersion "1"]
[SourceVersionDate "2021.07.31"]
[SourceQuality "1"]

1. d4 c5 2. e3 cxd4 3. exd4 d5 4. g3 Nc6 5. Bg2 Bf5 6. Nf3 e6 7. 0-0 Nf6 8. Bg5 h6 9. Bf4 Bd6 10. Ne5 0-0 11. Re1 Rc8 12. c4 Bxe5 13. dxe5 Ne4 14. cxd5 exd5 15. Nd2 g5 16. Nxe4 dxe4 17. Qh5 Kg7 18. Rad1 Qb6 19. Rd6 Bg6 20. Qh3 gxf4 21. Bxe4 Qxb2 22. gxf4 Rcd8 23. Red1 Rxd6 24. Rxd6 Ne7 25. f5 Qxe5 26. f6+ Kh7 27. fxe7 Qxd6 28. exf8Q Qxf8 29. Bxb7 Qb4 30. Bf3 Qe1+ 31. Kg2 Be4 32. Qg4 Bxf3+ 33. Qxf3 Qe7 34. Qf5+ Kg7 35. h3 Qg5+ 36. Qxg5+ hxg5 37. Kf3 Kg6 38. Ke4 Kf6 39. a4 Ke6 40. a5 a6 41. f4 f6 42. f5+ Kd6 43. Kd4 Kc6 44. Kc4 Kd6 45. Kd4 Kc6 46. Kc4 Kd6 47. Kd4 1/2-1/2

[Event "GER Cup Net V3 U2000"]
[Site "Playchess.com INT"]
[Date "2020.05.27"]
[Round "3"]
[White "Feldmann, Bernd"]
[Black "Heinichen, Nils"]
[Result "0-1"]
[WhiteElo "1818"]
[BlackElo "1943"]
[PlyCount "76"]
[EventDate "2020.05.27"]
[EventType "swiss (blitz)"]
[EventRounds "9"]
[EventCountry "GER"]
[SourceTitle "EXT 2021"]
[Source "ChessBase"]
[SourceDate "2020.10.23"]
[SourceVersion "1"]
[SourceVersionDate "2020.10.23"]
[SourceQuality "1"]

1. d4 d5 2. Nf3 e6 3. c3 c6 4. Bg5 Be7 5. Bxe7 Qxe7 6. Nbd2 f5 7. Qc2 Nf6 8. Ne5 0-0 9. f3 Nbd7 10. Nxd7 Bxd7 11. 0-0-0 c5 12. Nb3 c4 13. Nd2 Bc6 14. e4 fxe4 15. fxe4 b5 16. e5 Nd7 17. Be2 a5 18. Rdf1 b4 19. Rxf8+ Rxf8 20. Nf3 Rb8 21. h4 b3 22. axb3 cxb3 23. Qb1 a4 24. Ng5 Nf8 25. Bd3 h6 26. Nf3 a3 27. bxa3 Qxa3+ 28. Qb2 Qa5 29. g4 Qb6 30. h5 Ra8 31. g5 Ra2 32. Qb1 Ba4 33. gxh6 gxh6 34. Rg1+ Kh8 35. Nh4 Rh2 36. Ng6+ Nxg6 37. Bxg6 b2+ 38. Qxb2 Qxb2# 0-1

[Event "GER Cup Net V3 U2000"]
[Site "Playchess.com INT"]
[Date "2020.05.27"]
[Round "4"]
[White "Heinichen, Nils"]
[Black "Schmitt, Carsten1111"]
[Result "0-1"]
[WhiteElo "1943"]
[BlackElo "1788"]
[PlyCount "64"]
[EventDate "2020.05.27"]
[EventType "swiss (blitz)"]
[EventRounds "9"]
[EventCountry "GER"]
[SourceTitle "EXT 2021"]
[Source "ChessBase"]
[SourceDate "2020.10.23"]
[SourceVersion "1"]
[SourceVersionDate "2020.10.23"]
[SourceQuality "1"]

1. d4 Nf6 2. Bg5 e6 3. e4 Be7 4. e5 Nd5 5. Bxe7 Qxe7 6. c4 Nb6 7. Nc3 0-0 8. Nf3 d6 9. exd6 cxd6 10. Be2 Nc6 11. 0-0 Nd7 12. Re1 Nf6 13. Bd3 h6 14. d5 Nb4 15. Bb1 Bd7 16. a3 Na6 17. b4 Rac8 18. Bd3 Nc7 19. dxe6 Nxe6 20. Nd5 Qd8 21. Nxf6+ Qxf6 22. Rc1 Bc6 23. Be4 Bxe4 24. Rxe4 Rfd8 25. Re3 d5 26. c5 d4 27. Re4 d3 28. Qd2 g5 29. h3 Nf4 30. Rd1 Ne2+ 31. Kh1 Nc3 32. Qb2 Nxe4 0-1

[Event "GER Cup Net V1 U2000"]
[Site "Playchess.com INT"]
[Date "2020.05.19"]
[Round "1"]
[White "Bashylina, Luisa"]
[Black "Heinichen, Nils"]
[Result "1/2-1/2"]
[WhiteElo "1863"]
[BlackElo "1620"]
[PlyCount "159"]
[EventDate "2020.05.19"]
[EventType "swiss (blitz)"]
[EventRounds "9"]
[EventCountry "GER"]
[SourceTitle "EXT 2021"]
[Source "ChessBase"]
[SourceDate "2020.10.23"]
[SourceVersion "1"]
[SourceVersionDate "2020.10.23"]
[SourceQuality "1"]

1. e4 c6 2. d4 d5 3. e5 Bf5 4. g4 Be4 5. f3 Bg6 6. h4 h6 7. e6 Qd6 8. exf7+ Bxf7 9. Be3 Nd7 10. Bd3 e5 11. Nd2 0-0-0 12. Ne2 Be7 13. c3 Ngf6 14. Qc2 e4 15. fxe4 Nxg4 16. Bf4 Qf6 17. e5 Ndxe5 18. dxe5 Nxe5 19. 0-0-0 Nxd3+ 20. Qxd3 Bg6 21. Qh3+ Bf5 22. Qg3 Bh7 23. Nd4 g5 24. hxg5 hxg5 25. Qg4+ Rd7 26. Be3 Qg6 27. Rxh7 Rxh7 28. N2f3 Bd6 29. Rg1 Kc7 30. Qxg5 Qxg5 31. Rxg5 Rh1+ 32. Kd2 Rf7 33. Ke2 a6 34. Ne6+ Kb8 35. Rg8+ Bf8 36. Nxf8 Kc7 37. Ne6+ Kd6 38. Ned4 c5 39. Nb3 b6 40. Rg6+ Kc7 41. Nbd2 Re7 42. Kf2 Ra1 43. Bf4+ Kb7 44. a3 Rh1 45. Ne5 Rh4 46. Kg3 Rh1 47. Ndf3 Rb1 48. b4 Rb3 49. Rg8 Rxc3 50. Ng6 Rf7 51. Rb8+ Ka7 52. Re8 d4 53. Nge5 Rg7+ 54. Kf2 Rc2+ 55. Ke1 c4 56. Nc6+ Kb7 57. Re7+ Rxe7+ 58. Nxe7 d3 59. Nd5 Ra2 60. Kd1 Rxa3 61. Nd4 c3 62. Ke1 Ra1+ 63. Kf2 d2 64. Ne3 d1Q 65. Nxd1 Rxd1 66. Nc2 Rb1 67. Ke3 a5 68. Ke2 axb4 69. Kd3 Rf1 70. Be3 Rf3 71. Nxb4 Rh3 72. Nc2 Ka6 73. Kxc3 b5 74. Kb4 Rh4+ 75. Kb3 Ka5 76. Bd2+ Kb6 77. Nd4 Rxd4 78. Be3 Kc5 79. Bxd4+ Kxd4 80. Kb4 1/2-1/2

[Event "GER Cup Net V1 U2000"]
[Site "Playchess.com INT"]
[Date "2020.05.19"]
[Round "7"]
[White "Berberich, Christoph"]
[Black "Heinichen, Nils"]
[Result "0-1"]
[WhiteElo "1798"]
[BlackElo "1620"]
[PlyCount "42"]
[EventDate "2020.05.19"]
[EventType "swiss (blitz)"]
[EventRounds "9"]
[EventCountry "GER"]
[SourceTitle "EXT 2021"]
[Source "ChessBase"]
[SourceDate "2020.10.23"]
[SourceVersion "1"]
[SourceVersionDate "2020.10.23"]
[SourceQuality "1"]

1. d4 d5 2. Nf3 Nf6 3. c4 e6 4. Bg5 Be7 5. e3 c5 6. Nc3 Nc6 7. Rc1 cxd4 8. exd4 0-0 9. Bd3 h6 10. Bh4 Nb4 11. Be2 dxc4 12. Bxc4 a6 13. a3 Nbd5 14. 0-0 Nxc3 15. Rxc3 b5 16. Ba2 Ne4 17. Bxe7 Nxc3 18. Bxd8 Nxd1 19. Rxd1 Rxd8 20. d5 exd5 21. Bxd5 Be6 0-1

[Event "Mittelrhein Regionalliga 1718"]
[Site "Nordrheinwestfalen"]
[Date "2018.04.15"]
[Round "8.6"]
[White "Vogelpohl, Johannes"]
[Black "Heinichen, Nils"]
[Result "1/2-1/2"]
[WhiteElo "1723"]
[BlackElo "2087"]
[PlyCount "168"]
[EventDate "2017.09.10"]
[EventType "team-tourn"]
[EventRounds "9"]
[EventCountry "GER"]
[SourceTitle "EXT 2022"]
[Source "ChessBase"]
[SourceDate "2021.10.06"]
[SourceVersion "1"]
[SourceVersionDate "2021.10.06"]
[SourceQuality "1"]
[WhiteTeam "Klub Koelner SF II"]
[BlackTeam "Wuerselen"]
[WhiteTeamCountry "GER"]
[BlackTeamCountry "GER"]

1. e4 c5 2. Nf3 Nc6 3. d4 cxd4 4. Nxd4 e5 5. Nb5 d6 6. c4 a6 7. N5c3 Be7 8. Na3 f5 9. Bd3 fxe4 10. Bxe4 Nf6 11. Bd5 Bf5 12. 0-0 Qd7 13. Nc2 Nxd5 14. Nxd5 Bd8 15. Be3 Qe6 16. Qd2 0-0 17. Rac1 Qg6 18. f4 Bd3 19. Rfd1 Bxc4 20. b3 Bxd5 21. Qxd5+ Kh8 22. Qxd6 Qxd6 23. Rxd6 exf4 24. Bd4 Rf7 25. Bb2 Bb6+ 26. Nd4 Re8 27. Kf1 Bxd4 28. Bxd4 Nxd4 29. Rxd4 g5 30. Rc2 Kg7 31. Rd6 Ree7 32. Kf2 Rc7 33. Rcd2 Rc5 34. Rd7 Rxd7 35. Rxd7+ Kg6 36. Rxb7 Rc2+ 37. Kf3 Rxa2 38. h4 h6 39. Rb6+ Kh5 40. hxg5 hxg5 41. g4+ fxg3 42. Kxg3 Rc2 43. Rxa6 Rc3+ 44. Kg2 Rxb3 45. Ra4 Re3 46. Rb4 Kg6 47. Rb5 Re4 48. Kg3 Kh5 49. Rb8 Re3+ 50. Kf2 Ra3 51. Rb4 Rd3 52. Kg2 Kg6 53. Rb5 Rd4 54. Kg3 Kh5 55. Rb3 Rg4+ 56. Kh3 Rg1 57. Kh2 Rd1 58. Kg3 Rd5 59. Ra3 Kg6 60. Rb3 Kf5 61. Ra3 Rd4 62. Ra5+ Kg6 63. Ra3 Kh5 64. Rb3 Rd1 65. Ra3 Rd6 66. Rb3 Kg6 67. Kg4 Kf6 68. Rf3+ Kg6 69. Rb3 Rd4+ 70. Kg3 Rf4 71. Ra3 Rc4 72. Rb3 Kh5 73. Ra3 Rg4+ 74. Kh3 Rh4+ 75. Kg3 Rh1 76. Rb3 Rg1+ 77. Kh2 Ra1 78. Kg3 Ra5 79. Rc3 g4 80. Rb3 Kg5 81. Rc3 Rf5 82. Rb3 Rf3+ 83. Rxf3 gxf3 84. Kxf3 Kg6 1/2-1/2

[Event "BL2-West 1617"]
[Site "Germany"]
[Date "2016.12.05"]
[Round "3.8"]
[White "Heinichen, Nils"]
[Black "Rotstein, Arkadij"]
[Result "0-1"]
[WhiteElo "2118"]
[BlackElo "2501"]
[PlyCount "86"]
[EventDate "2016.10.16"]
[EventType "team-tourn"]
[EventRounds "9"]
[EventCountry "GER"]
[SourceTitle "EXT 2018"]
[Source "ChessBase"]
[SourceDate "2017.10.13"]
[SourceVersion "1"]
[SourceVersionDate "2017.10.13"]
[SourceQuality "1"]
[WhiteTeam "Wuerselen"]
[BlackTeam "Koeln Porz"]
[WhiteTeamCountry "GER"]
[BlackTeamCountry "GER"]

1. d4 d5 2. c4 dxc4 3. Nc3 a6 4. a4 Nc6 5. Nf3 Nf6 6. Bg5 h6 7. Bxf6 exf6 8. e3 Na5 9. Qc2 Bb4 10. Be2 0-0 11. 0-0 Bg4 12. Na2 Bd6 13. h3 Bxf3 14. Bxf3 c6 15. Nc3 Rc8 16. Bg4 Rb8 17. Ne4 Bb4 18. Rad1 Qe7 19. Ng3 g5 20. Bf3 Rbd8 21. Ne2 Kg7 22. h4 h5 23. e4 Nb3 24. d5 c5 25. g3 b5 26. Bg2 Rfe8 27. f4 Nd4 28. Nxd4 cxd4 29. Kh2 d3 30. Qf2 Bc5 31. Qf3 Bd4 32. b3 Rc8 33. Rb1 Rc7 34. Rfd1 Qc5 35. b4 Qd6 36. a5 c3 37. Qxd3 c2 38. Qxd4 Rc4 39. Qb6 Qxb4 40. Rxb4 cxd1Q 41. Rxc4 bxc4 42. Qc6 Rb8 43. Qxc4 Rb2 0-1

[Event "Regionalliga Mittelrhein 1213"]
[Site "Germany"]
[Date "2013.05.26"]
[Round "11.8"]
[White "Heinichen, Nils"]
[Black "Hajek, Florian"]
[Result "1-0"]
[WhiteElo "2008"]
[BlackElo "1341"]
[PlyCount "47"]
[EventDate "2012.09.09"]
[EventType "team"]
[EventRounds "11"]
[EventCountry "GER"]
[SourceTitle "EXT 2015"]
[Source "ChessBase"]
[SourceDate "2014.11.20"]
[SourceVersion "1"]
[SourceVersionDate "2014.11.20"]
[SourceQuality "1"]
[WhiteTeam "Wuerselen"]
[BlackTeam "Pulheim"]
[WhiteTeamCountry "GER"]
[BlackTeamCountry "GER"]

1. d4 Nf6 2. Nf3 d5 3. c4 c6 4. Nc3 e6 5. e3 Be7 6. g4 dxc4 7. Bxc4 Nbd7 8. Rg1 Nb6 9. Bd3 c5 10. dxc5 Bxc5 11. Qc2 h6 12. g5 hxg5 13. Rxg5 Bf8 14. Bd2 Rh5 15. Rxh5 Nxh5 16. 0-0-0 Nf6 17. Ng5 Bd7 18. Be1 Rc8 19. Bg6 Nfd5 20. Nxf7 Qc7 21. Nd6+ Kd8 22. Nxc8 Qxc8 23. Nxd5 Qxc2+ 24. Bxc2 1-0

[Event "Mittelrhein-chT 1112"]
[Site "Germany"]
[Date "2012.05.20"]
[Round "13.2"]
[White "Heinichen, Nils"]
[Black "Rieber, Ingo"]
[Result "1-0"]
[WhiteElo "2029"]
[BlackElo "1846"]
[PlyCount "57"]
[EventDate "2011.09.11"]
[EventType "team-tourn"]
[EventRounds "13"]
[EventCountry "GER"]
[SourceTitle "EXT 2013"]
[Source "ChessBase"]
[SourceDate "2012.11.22"]
[SourceVersion "1"]
[SourceVersionDate "2012.11.22"]
[SourceQuality "1"]
[WhiteTeam "Wuerselen"]
[BlackTeam "Bruehl II"]
[WhiteTeamCountry "GER"]
[BlackTeamCountry "GER"]

1. d4 Nf6 2. c4 g6 3. Nc3 Bg7 4. e4 d6 5. Nf3 0-0 6. Be2 e5 7. 0-0 Nc6 8. d5 Ne7 9. b4 Nh5 10. Re1 f5 11. Ng5 Nf6 12. Bf3 c6 13. Ba3 h6 14. Ne6 Bxe6 15. dxe6 fxe4 16. Nxe4 Nxe4 17. Bxe4 Rf6 18. b5 Rxe6 19. Qg4 Rf6 20. Rad1 Qb6 21. c5 dxc5 22. Rd7 Qa5 23. Red1 Qxa3 24. Rxe7 Qxa2 25. f3 Raf8 26. Bxg6 Kh8 27. Rxg7 Qe6 28. Rh7+ Kg8 29. Bf5+ 1-0